| 000 | 00518nam a2200205Ia 4500 | ||
|---|---|---|---|
| 008 | 220204s9999 xx 000 0 und d | ||
| 082 |
_a678.7 _bBIL |
||
| 100 | _aBillmeyer, Fred W | ||
| 245 | 0 | _aTextbook of polymer science | |
| 250 | _aEd.3 | ||
| 260 |
_aNew York _bJohn Wiley _c1984 |
||
| 650 | _aElastomer technology | ||
| 650 | _aFiber technology | ||
| 650 | _aHydracarbon | ||
| 650 | _aPlastics technology | ||
| 650 | _aPolymer science | ||
| 650 | _aPolymerization | ||
| 650 | _aRheology | ||
| 942 | _cBK | ||
| 999 |
_c39237 _d39237 |
||